Statistics for Original Capitals of U.S. States

Click here to take the quiz!

General Stats

  • This quiz has been taken 17 times
  • The average score is 34 of 50

Answer Stats

StateCapital% Correct
MassachusettsBoston
93%
South CarolinaColumbia
93%
DelawareDover
93%
ConnecticutHartford / New Haven
93%
PennsylvaniaPhiladelphia
93%
OregonSalem
93%
New JerseyTrenton
93%
MarylandAnnapolis
86%
GeorgiaAugusta
86%
TexasAustin
86%
Rhode IslandBristol / East Greenwich / Newport / Providence / South Kingstown
86%
NevadaCarson City
86%
ColoradoDenver
86%
MichiganDetroit
86%
KentuckyFrankfort
86%
HawaiiHonolulu
86%
AlaskaJuneau
86%
WisconsinMadison
86%
LouisianaNew Orleans
86%
New YorkNew York
86%
ArizonaPhoenix
86%
VirginiaRichmond
86%
MinnesotaSt. Paul
86%
KansasTopeka
86%
North DakotaBismarck
79%
IdahoBoise
79%
MontanaHelena
79%
NebraskaLincoln
79%
ArkansasLittle Rock
79%
WashingtonOlympia
79%
FloridaTallahassee
79%
WyomingCheyenne
71%
MainePortland
71%
UtahSalt Lake City
71%
New MexicoSanta Fe
71%
TennesseeKnoxville
64%
South DakotaPierre
64%
IowaIowa City
57%
AlabamaHuntsville
43%
CaliforniaSan Jose
43%
West VirginiaWheeling
36%
IndianaCorydon
29%
North CarolinaFayetteville
21%
OhioChillicothe
7%
New HampshireExeter
7%
OklahomaGuthrie
7%
IllinoisKaskaskia
7%
MississippiNatchez
7%
MissouriSt. Charles
7%
VermontWindsor
7%

Score Distribution

Percentile by Number Answered

Percent of People with Each Score

Your Score History

You have not taken this quiz